Guess the Taylor Swift Song - Statistics

General Stats
  • This quiz has been taken 10 times
  • The average score is 308 of 404
Answer Stats
Answer % Correct
a
100%
I
100%
me
100%
you
100%
You
100%
and
90%
And
90%
at
90%
get
90%
I'm
90%
in
90%
left
90%
no
90%
right
90%
Right
90%
say
90%
so
90%
the
90%
up
90%
when
90%
When
90%
where
90%
you're
90%
born
80%
Break
80%
buried
80%
But
80%
but
80%
'Cause
80%
cause
80%
don't
80%
for
80%
Friends
80%
friends
80%
Help
80%
If
80%
if
80%
it
80%
it's
80%
married
80%
my
80%
of
80%
on
80%
restaurant
80%
sitting
80%
Some
80%
still
80%
Still
80%
Strangers
80%
strangers
80%
that
80%
to
80%
what
80%
about
70%
change
70%
Did
70%
ever
70%
fly
70%
got
70%
hair
70%
have
70%
hear
70%
her
70%
just
70%
know
70%
Oh
70%
out
70%
pin
70%
rumors
70%
sad
70%
sight
70%
skies
70%
stay
70%
stop
70%
They
70%
Time
70%
Trends
70%
want
70%
was
70%
who
70%
23
60%
after
60%
be
60%
can't
60%
choice
60%
corner
60%
could
60%
Cross
60%
delusion
60%
dim
60%
drop
60%
Dust
60%
everyday
60%
fantasy
60%
felt
60%
find
60%
forever
60%
front
60%
girl
60%
happen
60%
harm
60%
haunt
60%
here
60%
How
60%
legged
60%
light
60%
lives
60%
lose
60%
love
60%
met
60%
moment
60%
new
60%
one
60%
pinned
60%
She
60%
She's
60%
someone
60%
swear
60%
there
60%
told
60%
white
60%
won't
60%
Breakups
50%
burn
50%
Christmas
50%
cloth
50%
collected
50%
died
50%
else
50%
Everybody
50%
everybody
50%
expected
50%
feel
50%
frozen
50%
inside
50%
Kids
50%
mascara
50%
Matches
50%
mind
50%
moved
50%
other
50%
perspective
50%
run
50%
sat
50%
somewhere
50%
stayed
50%
supposed
50%
think
50%
Through
50%
unaware
50%
went
50%
wife
50%
been
40%
Everything
40%
Glass
40%
long
40%
our
40%
shattered
40%
stared
40%
sure
40%
wrong
40%
young
40%
bear
30%
business
30%
earned
30%
learned
30%
lessons
30%
Wages
30%
witness
30%
No matching quizzes found
Score Distribution
Percent of People with Each Score
Percentile by Number Answered
Your Score History
You have not taken this quiz